Managerial Economics: foundations of business analysis and strategy (Record no. 6267)
[ view plain ]
| 000 -LEADER | |
|---|---|
| fixed length control field | 00647nam a22002177a 4500 |
| 003 - CONTROL NUMBER IDENTIFIER | |
| control field | OSt |
| 005 - DATE AND TIME OF LATEST TRANSACTION | |
| control field | 20220309120404.0 |
| 008 - FIXED-LENGTH DATA ELEMENTS--GENERAL INFORMATION | |
| fixed length control field | 190829b ||||| |||| 00| 0 eng d |
| 020 ## - INTERNATIONAL STANDARD BOOK NUMBER | |
| International Standard Book Number | 9781259251078 |
| 040 ## - CATALOGING SOURCE | |
| Transcribing agency | DDC |
| 082 ## - DEWEY DECIMAL CLASSIFICATION NUMBER | |
| Classification number | 658 THO 2016 |
| 100 ## - MAIN ENTRY--PERSONAL NAME | |
| Personal name | Thomas, Christopher R.; Maurice, S.Charles |
| 9 (RLIN) | 12877 |
| 245 ## - TITLE STATEMENT | |
| Title | Managerial Economics: foundations of business analysis and strategy |
| 250 ## - EDITION STATEMENT | |
| Edition statement | 12th ed. |
| 260 ## - PUBLICATION, DISTRIBUTION, ETC. (IMPRINT) | |
| Place of publication, distribution, etc. | New York; |
| Name of publisher, distributor, etc. | McGraw-hill, |
| Date of publication, distribution, etc. | 2016 |
| 300 ## - PHYSICAL DESCRIPTION | |
| Extent | xxii,714p; |
| Other physical details | col.ill: |
| Dimensions | 23cm |
| 504 ## - BIBLIOGRAPHY, ETC. NOTE | |
| Bibliography, etc | Appendix & index included |
| 650 ## - SUBJECT ADDED ENTRY--TOPICAL TERM | |
| Topical term or geographic name as entry element | Business analysis |
| 9 (RLIN) | 12878 |
| 650 ## - SUBJECT ADDED ENTRY--TOPICAL TERM | |
| Topical term or geographic name as entry element | Management economics |
| 9 (RLIN) | 12879 |
| 942 ## - ADDED ENTRY ELEMENTS (KOHA) | |
| Source of classification or shelving scheme | Other/Generic Classification Scheme |
| Koha item type | Book |
| Withdrawn status | Lost status | Source of classification or shelving scheme | Damaged status | Not for loan | Home library | Current library | Date acquired | Source of acquisition | Inventory number | Total Checkouts | Full call number | Barcode | Date last seen | Koha item type | Price effective from |
|---|---|---|---|---|---|---|---|---|---|---|---|---|---|---|---|
| Dewey Decimal Classification | Faculty of Management Science Library | Faculty of Management Science Library | 29/08/2019 | Purchase | 19/40780 | 330 THO 2016 | 2019-0282 | 29/08/2019 | Book | ||||||
| Dewey Decimal Classification | Faculty of Management Science Library | Faculty of Management Science Library | 29/08/2019 | Purchase | 19/40781 | 330 THO 2016 | 2019-0283 | 29/08/2019 | Book | ||||||
| Dewey Decimal Classification | Faculty of Management Science Library | Faculty of Management Science Library | 29/08/2019 | Purchase | 19/40782 | 330 THO 2016 | 2019-0284 | 29/08/2019 | Book | ||||||
| Dewey Decimal Classification | Faculty of Management Science Library | Faculty of Management Science Library | 09/03/2022 | 17/40114 | 658 THO 2016 | 2022-0427 | 09/03/2022 | Book | 09/03/2022 | ||||||
| Dewey Decimal Classification | Faculty of Management Science Library | Faculty of Management Science Library | 09/03/2022 | 17/40113 | 658 THO 2016 | 2022-0428 | 09/03/2022 | Book | 09/03/2022 |
